000 01247nam a22003497a 4500
003 CHAP
005 20251015094912.0
008 971013s1991 r 00010 d
010 _a2101
011 _a3073
035 _a2273
040 _cCHAP
090 _aTesis
100 1 0 _aCalderón Vera, Leonardo
_917429
245 _aEvaluación del encalado fraccionado con doble calentamiento y adición de fosfatos en jugo de caña, en el Ingenio Atencingo, Puebla
260 _aChapingo, Méx. :
_bEl Autor,
_c1991
300 _a107 h.
_b: ilus. ; gráfs.
500 _aD44-133
502 _aTesis (Ing. Agr. Esp. en Ingeniería Agroindustrial) -- UACH. Departamento de Ingeniería Agroindustial
590 _aALEPH
_b10
_c20130110
_lUCH01
_h1211
590 _aBATCH-UPD
_b10
_c20130110
_lUCH01
_h0143
590 _aBATCH-UPD
_b10
_c20130110
_lUCH01
_h1917
590 _aBATCH-UPD
_b10
_c20130409
_lUCH01
_h2142
590 _aBATCH-UPD
_b10
_c20130410
_lUCH01
_h1243
590 _aBATCH-UPD
_b10
_c20130914
_lUCH01
_h1634
590 _aCONVERSION
_b10
_c20130109
_lUCH01
_h1302
650 1 3 _aIndustria azucarera
_957780
650 1 4 _aJugo de caña de azúcar.
_962284
901 _aBK
942 _cTESIS
949 _bBC
_cTES
_d-11773
_eTS1
_h24343
_i2273
_si
999 _c2101
_d2101